00712nam a2200181 a 450000100060000000300090000600800410001502000150005604000280007108200140009910000380011324500290015126000310018030000080021150502690021965000180048865000240050621826CO-ViMGA141112s2004 ck r 000 u spa d a9583505005 aCO-ViMGAbspacCO-ViMGA04a343 R872p1 aRusche, George; Kirchheimer, Otto10aPena y estructura social aBogotá : bTemis, c1984 a270 aCondiciones sociales y ejecución penal en la baja edad media 10 - - Cambios en las formas de la pena 63 - - Abolición de la pena de deportación 137 - - La reforma carcelaria moderna y sus límites 167 - - Política criminal y cifras dela criminalidad 243 14aDERECHO PENAL14aPROCEDIMIENTO PENAL